000 00867nam a2200277 i 4500
999 _c10958
_d10958
001 3242132
003 OSt
005 20191227113825.0
008 791023s1978 ii a b 001 0 eng
010 _a 79903086
020 _c9788180542398
040 _aDLC
_cDLC
_dDLC
043 _aa-ii---
050 0 0 _aHF5349.I5
_bA64
082 0 0 _a330.95405
_bADH/E
100 1 _aAdhikary, Manabendra,
_d1941-
_9831
245 1 0 _aEconomic environment of business /
_cM. Adhikary.
260 _aNew Delhi :
_bSultan Chand,
_cc1978.
300 _axiv, 466 p. :
_bill. ;
_c23 cm.
500 _aIncludes index.
504 _aBibliography: p. [458]-462.
650 0 _aBusiness enterprises
_zIndia.
651 0 _aIndia
_xEconomic policy.
906 _a7
_bcbc
_corignew
_d4
_encip
_f19
_gy-gencatlg
942 _2ddc
_cBK
_h330.95405
_iADH/E
_k330.95405
_mADH/E